Appleton and Lange's review of general pathology
Spremljeno u:
| Glavni autor: | |
|---|---|
| Format: | Knjiga |
| Jezik: | Undetermined |
| Izdano: |
Norwalk, CT
Appleton and Lange
1993
|
| Teme: | |
| Oznake: |
Dodaj oznaku
Bez oznaka, Budi prvi tko označuje ovaj zapis!
|
| Thư viện lưu trữ: | Trung tâm Học liệu Trường Đại học Cần Thơ |
|---|
| LEADER | 00587nam a2200205Ia 4500 | ||
|---|---|---|---|
| 001 | CTU_61414 | ||
| 008 | 210402s9999 xx 000 0 und d | ||
| 020 | |b 80000 | ||
| 082 | |a 616.07076 | ||
| 082 | |b L675 | ||
| 100 | |a Lewis, Martin Gwent | ||
| 245 | 0 | |a Appleton and Lange's review of general pathology | |
| 245 | 0 | |c Martin Gwent Lewis and Thomas K. Barton | |
| 260 | |a Norwalk, CT | ||
| 260 | |b Appleton and Lange | ||
| 260 | |c 1993 | ||
| 650 | |a Pathology | ||
| 650 | |x Examinations, questions, etc. | ||
| 904 | |i Minh | ||
| 980 | |a Trung tâm Học liệu Trường Đại học Cần Thơ | ||